Statistics for Vexilology True or False

Click here to take the quiz!

General Stats

  • This quiz has been taken 25 times
  • The average score is 13 of 15

Answer Stats

HintAnswer% Correct
The flag of Angola has 3 colours on it.T
100%
Jamaica and Mauritania are the only countries to not have red, white, or blue in their flags.F
96%
Switzerland is the only country whose flag has a 1:1 ratio (AKA a square).F
96%
The flag of Nauru has a star that represents Nauru, and its location 1 degree above the equator.F
96%
Brazil's flag features multiple constellations on it.T
96%
Dominica is the only country to have purple on its flag.F
92%
There are no countries that have gray on their flag.F
92%
The shape of Nepal's flag is often called a "double pennant".T
92%
The Dominican Republic is the only country to feature a bible on its flag.T
92%
Mongolia is the only country in East Asia to have yellow on its flag.F
88%
There is only one country that has humans on their flag.T
88%
The flag of Denmark has existed since 1215.T
88%
Haiti and Liechtenstein used to have the exact same flag.T
83%
The black and white stripes on Botswana's flag represent zebras.T
75%
Honduras changed its flag in 2022.T
75%

Score Distribution

Percentile by Number Answered

Percent of People with Each Score

Your Score History

You have not taken this quiz